Science in society

Science in society is a text designed specifically for the revised Queensland Multi-Strand Science syllabus; but it will have widespread application to general science course throughout Australia. This text show senior students the relevance of science in their own lives through topics that will sti...

Deskribapen osoa

Gorde:
Xehetasun bibliografikoak
Formatua: Liburua
Hizkuntza:Undetermined
Argitaratua: Sysney, Australia The Jacaranda Press 1992
Gaiak:
Etiketak: Etiketa erantsi
Etiketarik gabe, Izan zaitez lehena erregistro honi etiketa jartzen!
Thư viện lưu trữ: Trung tâm Học liệu Trường Đại học Cần Thơ
LEADER 00896nam a2200181Ia 4500
001 CTU_141028
008 210402s9999 xx 000 0 und d
082 |a 303.48 
082 |b S416 
245 0 |a Science in society 
245 0 |c Murray Wright ... [et al.] 
260 |a Sysney, Australia 
260 |b The Jacaranda Press 
260 |c 1992 
520 |a Science in society is a text designed specifically for the revised Queensland Multi-Strand Science syllabus; but it will have widespread application to general science course throughout Australia. This text show senior students the relevance of science in their own lives through topics that will stimulate their interest, accompanied by a wide range of exercises, activities and investigation. 
650 |a Science,Science,Khoa học,Khoa học 
904 |i Trọng Hiếu 
980 |a Trung tâm Học liệu Trường Đại học Cần Thơ